000 00332nam a2200133Ia 4500
008 240624s9999 xx 000 0 und d
041 _aeng
082 _a658 BHA
100 _aBHAT HARISH
245 _aTATALOG EIGHT MODERN STORIES FROM A TIME
260 _c2012
_aNew Delhi
_bPenguin India
300 _a216 : p.
365 _cRS
_b25
999 _c21739
_d21739